000 00650nam a2200265 a 4500
003 AR-BaBNM
005 20251128205344.0
008 082120s2002 ||||||||||||||000 | spa||
020 _a84-7522-183-1
040 _cAR-BaBNM
100 1 _aCatulo, Cayo Valerio
245 0 0 _aCincuenta poemas
260 _aMadrid
_bVisor
_c1984
300 _a87 p.
490 0 _aVisor de poesía
_vv. 183
650 4 _aLITERATURA LATINA
650 4 _aANTOLOGIAS
653 _aPOESIA EROTICA
653 _aPOESIA AMOROSA
653 _aPOESIA ELEGIACA
655 _aLITERATURA
700 1 _aNúñez, Anibal
_ecompilador
942 _cBK
998 _cMARTIN
999 _c11073
_d11073